محمد تيمور الاعمال الكاملة - مسرحية الهاوية / (Record no. 33112)
[ view plain ]
| 000 -الفاتح | |
|---|---|
| حقل البيانات ثابتة الطول | 00652nam a2200205Ia 4500 |
| 008 - عناصر البيانات ثابتة الطول - معلومات عامة | |
| حقل البيانات ثابتة الطول | 140319s9999 xx 000 0 ara d |
| 040 ## - مصدر الفهرسة | |
| وكالة الفهرسة الأصلية | GCL / |
| وكالة النسخ | GCL |
| 082 04 - رقم تصنيف ديوى العشرى | |
| رقم التصنيف | 810.8 |
| رقم المادة | م م |
| 100 1# - المدخل الرئيسى - إسم شخصى | |
| الإسم الشخصى | محمد تيمور |
| 245 10 - بيان العنوان | |
| العنوان | محمد تيمور الاعمال الكاملة - مسرحية الهاوية / |
| بيان المسئوليه,etc | محمد تيمور |
| 700 1# - المدخل الاضافى - اسم شخصى | |
| الإسم الشخصى | سعد اردش |
| 300 ## - الوصف المادى | |
| التعداد | 127 ص ؛ |
| أبعاد الوعاء | 24 سم |
| 650 04 - المدخل الاضافى بالموضوع-مصطلح موضوعى | |
| مصطلح موضوعي | المسرحيات |
| 650 04 - المدخل الاضافى بالموضوع-مصطلح موضوعى | |
| مصطلح موضوعي | الفنون المسرحية |
| 650 04 - المدخل الاضافى بالموضوع-مصطلح موضوعى | |
| مصطلح موضوعي | التمثيل فى المسرح |
| 650 04 - المدخل الاضافى بالموضوع-مصطلح موضوعى | |
| مصطلح موضوعي | الاوبريت |
| 942 ## - عناصر المدخل الإضافي( كوها) | |
| مصدر التصنيف او مخطط الترفيف | Dewey Decimal Classification |
| Koha [default] item type | كتاب |
| 260 ## - PUBLICATION, DISTRIBUTION, ETC. (IMPRINT) | |
| -- | القاهرة : |
| -- | دار الف للنشر |
| حالة التراجع | حالة الفقد | حالة تلف | ليس للاعارة | المكان المؤقت | الموقع الحالى | تاريخ الاكتساب | اجمالي اﻻعارات | رقم الطلب | الباركود | تاريخ اخر مشاهدة | تاريخ تفعيل السعر | نوع وعاء كوها | مصدر التصنيف او خطة الترفيف |
|---|---|---|---|---|---|---|---|---|---|---|---|---|---|
| مكتبة القاهرة الكبرى | مكتبة القاهرة الكبرى | 03/26/2014 | 810.8\م م | 78584 | 03/26/2014 | 03/26/2014 | كتاب | ||||||
| مكتبة القاهرة الكبرى | مكتبة القاهرة الكبرى | 03/26/2014 | 810.8\م م | 78585 | 03/26/2014 | 03/26/2014 | كتاب | ||||||
| مكتبة القاهرة الكبرى | مكتبة القاهرة الكبرى | 05/21/2022 | 810.8\م م | 167943 | 05/21/2022 | 05/21/2022 | كتاب | ddc | |||||
| مكتبة القاهرة الكبرى | مكتبة القاهرة الكبرى | 05/21/2022 | 810.8\م م | 167944 | 05/21/2022 | 05/21/2022 | كتاب | ddc |

